000
00306nam a22001337a 4500
008
170606b xxu||||| |||| 00| 0 eng d
020
_a
9780872899247
041
_a
eng
080
_a
327
100
_a
18
101
_a
SHP
245
_a
PERSPECTIVES ON INTERNATIONAL RELATIONS
_c
NAY,H.R
942
_2
udc
_c
BK
999
_c
16179
_d
16179